Welcome to WEB OPAC of MRSPTU Central Library

Financial management ( text,problems and cases) (Record no. 5436)

MARC details
000 -LEADER
fixed length control field 00456nam a2200169Ia 4500
008 - FIXED-LENGTH DATA ELEMENTS--GENERAL INFORMATION
fixed length control field 230711s9999||||xx |||||||||||||| ||und||
020 ## - INTERNATIONAL STANDARD BOOK NUMBER
International Standard Book Number 978-0-07-106785-0
041 ## - LANGUAGE CODE
Language code of text/sound track or separate title ENG
082 ## - DEWEY DECIMAL CLASSIFICATION NUMBER
Classification number 658.15
Item number KH-F
100 ## - MAIN ENTRY--PERSONAL NAME
Personal name Khan,M.Y
245 #0 - TITLE STATEMENT
Title Financial management ( text,problems and cases)
250 ## - EDITION STATEMENT
Edition statement 6th Ed.
260 ## - PUBLICATION, DISTRIBUTION, ETC.
Date of publication, distribution, etc. 2011
Place of publication, distribution, etc. New Delhi
Name of publisher, distributor, etc. Tata McGraw Hill Education Limited
650 ## - SUBJECT ADDED ENTRY--TOPICAL TERM
Topical term or geographic name entry element UNIVESITY BUSNIESS SCHOOL
700 ## - ADDED ENTRY--PERSONAL NAME
Personal name Jain,P.K
942 ## - ADDED ENTRY ELEMENTS (KOHA)
Koha item type Book
Holdings
Withdrawn status Lost status Damaged status Not for loan Collection Home library Current library Date acquired Total checkouts Full call number Barcode Date last seen Price effective from Koha item type Date last checked out
          MRSPTU Central Library MRSPTU Central Library     658.15 KH-F 20584 08/17/2023 08/17/2023 Book  
          MRSPTU Central Library MRSPTU Central Library     658.15 KH-F 20585 08/17/2023 08/17/2023 Book  
          MRSPTU Central Library MRSPTU Central Library     658.15 KH-F 20586 08/17/2023 08/17/2023 Book  
          MRSPTU Central Library MRSPTU Central Library     658.15 KH-F 20587 08/17/2023 08/17/2023 Book  
          MRSPTU Central Library MRSPTU Central Library     658.15 KH-F 20588 08/17/2023 08/17/2023 Book  
          MRSPTU Central Library MRSPTU Central Library     658.15 KH-F 20589 08/17/2023 08/17/2023 Book  
          MRSPTU Central Library MRSPTU Central Library     658.15 KH-F 20590 08/17/2023 08/17/2023 Book  
          MRSPTU Central Library MRSPTU Central Library     658.15 KH-F 20591 08/17/2023 08/17/2023 Book  
          MRSPTU Central Library MRSPTU Central Library   1 658.15 KH-F 20592 12/24/2025 08/17/2023 Book 11/21/2025
          MRSPTU Central Library MRSPTU Central Library     658.15 KH-F 20593 08/17/2023 08/17/2023 Book  

Website Designed and Developed by MRSPTU Central Library Team

E-mail Id: librarian@mrsptu.ac.in